[Event "Olympiad Women-43"]
[Site "Batumi"]
[Date "2018.09.30"]
[Round "6.46"]
[White "Ibrahimi, Khadija"]
[Black "Villar Acevedo, Darlin Rocio"]
[Result "1-0"]
[WhiteElo "1531"]
[BlackElo "1765"]
[PlyCount "57"]
[EventDate "2018.09.24"]
[EventType "team-swiss"]
[EventRounds "11"]
[EventCountry "GEO"]
[SourceTitle "EXT 2020"]
[Source "ChessBase"]
[SourceDate "2019.10.17"]
[SourceVersion "1"]
[SourceVersionDate "2019.10.17"]
[SourceQuality "1"]
[WhiteTeam "Morocco (W)"]
[BlackTeam "Dominican Republic (W)"]
[WhiteTeamCountry "MAR"]
[BlackTeamCountry "DOM"]

1. e4 c6 2. d4 d5 3. Nc3 dxe4 4. Nxe4 Bf5 5. Ng3 Bg6 6. Nf3 e6 7. Bd3 Bxd3 8. Qxd3 Nd7 9. 0-0 Ngf6 10. b3 Be7 11. Bb2 0-0 12. c4 Rb8 13. Qe2 b5 14. Rad1 Qb6 15. d5 cxd5 16. cxd5 Nxd5 17. Rxd5 exd5 18. Qxe7 Qe6 19. Qg5 f6 20. Qd2 Ne5 21. Nd4 Qd7 22. f4 Nc6 23. Ngf5 Nxd4 24. Nxd4 b4 25. f5 a5 26. Ne6 Rfc8 27. Rf4 Qc6 28. Rg4 Rb7 29. Qh6 1-0

[Event "DOM-ch (Women)"]
[Site "Santo Domingo"]
[Date "2016.03.20"]
[Round "4"]
[White "Villar Acevedo, Darlin Rocio"]
[Black "Almanzar Vasquez, Jennifer Maria"]
[Result "1/2-1/2"]
[WhiteElo "1725"]
[BlackElo "1748"]
[PlyCount "48"]
[EventDate "2016.03.18"]
[EventType "swiss"]
[EventRounds "8"]
[EventCountry "DOM"]
[SourceTitle "CBM 171 Extra"]
[Source "ChessBase"]
[SourceDate "2016.04.26"]
[SourceVersion "1"]
[SourceVersionDate "2016.04.26"]
[SourceQuality "1"]

1. e4 g6 2. Nf3 Bg7 3. Bc4 d6 4. h3 Nf6 5. d3 a6 6. 0-0 b5 7. Bb3 Bb7 8. a3 0-0 9. Nc3 Nbd7 10. Be3 c5 11. Rb1 Rc8 12. Qe2 Nb6 13. Nd2 e6 14. f4 d5 15. Bf2 Re8 16. Bh4 Qc7 17. e5 Nfd7 18. Ba2 f6 19. exf6 Nxf6 20. Bg3 Nh5 21. Bh2 Qe7 22. Nf3 Nd7 23. Qd2 Kh8 24. Rbe1 Qf8 1/2-1/2

[Event "Olympiad Women-41"]
[Site "Tromsoe"]
[Date "2014.08.12"]
[Round "10.2"]
[White "Francis, Onkemetse"]
[Black "Villar Acevedo, Darlin Rocio"]
[Result "1/2-1/2"]
[WhiteElo "1735"]
[BlackElo "1713"]
[PlyCount "78"]
[EventDate "2014.08.02"]
[EventType "team-swiss"]
[EventRounds "11"]
[EventCountry "NOR"]
[SourceTitle "CBM 162"]
[Source "ChessBase"]
[SourceDate "2014.09.17"]
[SourceVersion "1"]
[SourceVersionDate "2014.09.17"]
[SourceQuality "1"]
[WhiteTeam "Botswana (W)"]
[BlackTeam "Dominican Republic (W)"]
[WhiteTeamCountry "BOT"]
[BlackTeamCountry "DOM"]

1. e4 c6 2. d4 d5 3. exd5 cxd5 4. Bd3 Nc6 5. c3 Nf6 6. Bf4 Bg4 7. Nf3 e6 8. h3 Bh5 9. Nbd2 Bd6 10. Bxd6 Qxd6 11. 0-0 0-0 12. Qc2 Rac8 13. Qb1 Rfe8 14. Re1 e5 15. dxe5 Nxe5 16. Nxe5 Rxe5 17. Rxe5 Qxe5 18. Qe1 Re8 19. Qxe5 Rxe5 20. Kf1 Bg6 21. Bxg6 hxg6 22. Nf3 Re7 23. Rd1 Kf8 24. Nd4 a6 25. Nc2 Rd7 26. Ne3 g5 27. g3 g6 28. Nc2 Rd6 29. Ne3 Rb6 30. Rd2 Ne4 31. Re2 Nf6 32. b3 Rc6 33. Rc2 b6 34. f3 b5 35. Kf2 Rd6 36. Rd2 Rc6 37. Rc2 Rd6 38. Nf1 Re6 39. Ne3 Rd6 1/2-1/2

[Event "Olympiad Women-41"]
[Site "Tromsoe"]
[Date "2014.08.08"]
[Round "6.3"]
[White "Kyrkjebo, Marte Bakken"]
[Black "Villar Acevedo, Darlin Rocio"]
[Result "0-1"]
[WhiteElo "1732"]
[BlackElo "1713"]
[PlyCount "135"]
[EventDate "2014.08.02"]
[EventType "team-swiss"]
[EventRounds "11"]
[EventCountry "NOR"]
[SourceTitle "CBM 162"]
[Source "ChessBase"]
[SourceDate "2014.09.17"]
[SourceVersion "1"]
[SourceVersionDate "2014.09.17"]
[SourceQuality "1"]
[WhiteTeam "Norway (W) III"]
[BlackTeam "Dominican Republic (W)"]
[WhiteTeamCountry "NOR"]
[BlackTeamCountry "DOM"]

1. e4 d6 2. d4 Nf6 3. Nc3 g6 4. f3 Bg7 5. Be3 c6 6. Qd2 b5 7. 0-0-0 Qc7 8. Bh6 0-0 9. h4 e5 10. dxe5 dxe5 11. g4 a5 12. h5 a4 13. Bxg7 Kxg7 14. hxg6 fxg6 15. Qh6+ Kg8 16. Nh3 Be6 17. Ng5 Qe7 18. Nxe6 Qxe6 19. g5 Nbd7 20. gxf6 Nxf6 21. Bh3 Qe7 22. Bg4 b4 23. Ne2 b3 24. a3 bxc2 25. Kxc2 Rab8 26. Nc3 Nxg4 27. fxg4 Rf2+ 28. Rd2 Qf7 29. Kc1 Rxd2 30. Qxd2 Qf3 31. Qe2 Qxh1+ 32. Kc2 Rf8 33. Nxa4 Qf3 34. Qc4+ Kh8 35. Qxc6 Qxg4 36. Qd5 Qe2+ 37. Kb3 Rb8+ 38. Ka2 Qb5 39. Qe6 Re8 40. Qf6+ Kg8 41. Nc3 Qc4+ 42. Ka1 Qe6 43. Nd5 h5 44. Qg5 Rf8 45. Ne7+ Kh7 46. Nd5 Rf1+ 47. Ka2 Rf4 48. Ka1 Rf7 49. a4 Qg4 50. Nf6+ Rxf6 51. Qxf6 Qd1+ 52. Ka2 Qxa4+ 53. Kb1 Qxe4+ 54. Ka2 h4 55. Qf7+ Kh6 56. Qf6 Qf4 57. Qh8+ Kg5 58. Qd8+ Kg4 59. Qd1+ Kf5 60. Qd7+ Kg5 61. Qd8+ Qf6 62. Qd2+ Kh5 63. Qd1+ Kh6 64. Qd2+ g5 65. Qg2 Qe6+ 66. b3 e4 67. Qe2 e3 68. Kb1 0-1